000 00569nam a2200241Ia 4500
003 OSt
005 20221005120650.0
006 a|||||r|||| 00| 0
007 ta
008 221004b |||||||| |||| 00| 0 tam d
024 _a45570
037 _cTextual
040 _aCRL
_cCRL
_btam
041 _2tam
_atam
082 _aK86, 31K6
100 _aVenkataramiah
_9629506
245 0 _aErumbu ulgam
260 _c1966
300 _a129p.
_ccm.
650 _aZOOLOGY
942 _hK86, 31K6
_cTEXL
_2cc
999 _c1038745
_d1038745